[Event "COL-ch sf"]
[Site "Pereira"]
[Date "2024.03.30"]
[Round "9"]
[White "Florez Salazar, Luis Angel"]
[Black "Dominguez Rincon, Miller Duvan"]
[Result "1/2-1/2"]
[WhiteElo "2171"]
[BlackElo "1996"]
[PlyCount "127"]
[EventDate "2024.03.26"]
[EventType "swiss"]
[EventRounds "11"]
[EventCountry "COL"]
[SourceTitle "CB14_2024"]
[SourceDate "2024.04.01"]
[SourceVersion "1"]
[SourceVersionDate "2024.04.01"]
[SourceQuality "1"]

1. e4 e5 2. Nf3 Nc6 3. Bc4 Nf6 4. d3 Bc5 5. 0-0 d6 6. c3 a6 7. a4 Ba7 8. Re1 0-0 9. h3 Be6 10. Bxe6 fxe6 11. b4 Nh5 12. Nbd2 Nf4 13. Nf1 Qf6 14. Bxf4 Qxf4 15. b5 axb5 16. axb5 Ne7 17. d4 exd4 18. cxd4 Bb6 19. Rxa8 Rxa8 20. Qb3 Qf6 21. Ne3 Rf8 22. e5 dxe5 23. Ng4 Qg6 24. Ngxe5 Qf5 25. Nd7 Rd8 26. Nxb6 cxb6 27. Rxe6 Qd5 28. Qe3 Ng6 29. Re8+ Rxe8 30. Qxe8+ Nf8 31. h4 h6 32. h5 Qd7 33. Qe5 Ne6 34. Qf5 Qd6 35. Qg6 Qd5 36. Qe8+ Kh7 37. Ne5 Nf4 38. Nf3 Nxh5 39. Qe5 Nf6 40. Nd2 Qa2 41. Nf1 Qb1 42. f3 Kg6 43. Kf2 Qa2+ 44. Kg3 Qb1 45. Kf2 Qa2+ 46. Kg1 Qb1 47. g4 Qa1 48. Kg2 Qa2+ 49. Kg3 Qb1 50. Ne3 Qg1+ 51. Ng2 Kh7 52. Qf5+ Kh8 53. Qc8+ Kh7 54. Qf5+ Kh8 55. Qe5 Kh7 56. f4 Qd1 57. Qf5+ Kh8 58. g5 hxg5 59. fxg5 Qb3+ 60. Kh2 Nd5 61. Qc8+ Kh7 62. Qf5+ Kh8 63. Qc8+ Kh7 64. Qf5+ 1/2-1/2

[Event "COL-ch sf"]
[Site "Pereira"]
[Date "2024.03.29"]
[Round "6"]
[White "Dominguez Rincon, Miller Duvan"]
[Black "Bravo, Juan Eduardo"]
[Result "1-0"]
[WhiteElo "1996"]
[BlackElo "1804"]
[PlyCount "53"]
[EventDate "2024.03.26"]
[EventType "swiss"]
[EventRounds "11"]
[EventCountry "COL"]
[SourceTitle "CB14_2024"]
[SourceDate "2024.04.01"]
[SourceVersion "1"]
[SourceVersionDate "2024.04.01"]
[SourceQuality "1"]

1. e4 e5 2. Nf3 Nc6 3. Bb5 a6 4. Ba4 Nf6 5. d4 exd4 6. 0-0 Be7 7. Re1 b5 8. Bb3 d6 9. Bd5 Nxd5 10. exd5 Ne5 11. Nxd4 0-0 12. a4 Bd7 13. Nc3 Re8 14. axb5 axb5 15. Rxa8 Qxa8 16. Ndxb5 Qb8 17. Nd4 Bf8 18. h3 Qb4 19. Re4 Qb6 20. b3 Ra8 21. Be3 Qb4 22. Bd2 Qb6 23. Nf3 Nxf3+ 24. Qxf3 c5 25. Re1 Qb4 26. Ne4 Qd4 27. Bc3 1-0

[Event "COL-ch sf"]
[Site "Pereira"]
[Date "2024.03.26"]
[Round "2"]
[White "Dominguez Rincon, Miller Duvan"]
[Black "Triana Castro, Francisco Javier"]
[Result "1-0"]
[WhiteElo "1996"]
[BlackElo "1759"]
[PlyCount "39"]
[EventDate "2024.03.26"]
[EventType "swiss"]
[EventRounds "11"]
[EventCountry "COL"]
[SourceTitle "CB14_2024"]
[SourceDate "2024.04.01"]
[SourceVersion "1"]
[SourceVersionDate "2024.04.01"]
[SourceQuality "1"]

1. e4 d5 2. exd5 Qxd5 3. Nc3 Qa5 4. d4 c6 5. Bc4 Nf6 6. Bd2 Qc7 7. Qe2 Bf5 8. Nf3 e6 9. 0-0-0 Nbd7 10. h3 Bd6 11. g4 Nxg4 12. hxg4 Bxg4 13. Rdg1 Bxf3 14. Qxf3 g6 15. Bg5 Be7 16. Ne4 f5 17. Bxe6 Nf8 18. Nf6+ Bxf6 19. Bxf6 Nxe6 20. Bxh8 1-0

[Event "Titled Tuesday intern op 16th Jan Early"]
[Site "Chess.com INT"]
[Date "2024.01.16"]
[Round "3"]
[White "Dominguez Rincon, Miller Duvan"]
[Black "Berezin, Viktor1"]
[Result "0-1"]
[WhiteElo "1994"]
[BlackElo "2307"]
[PlyCount "68"]
[EventDate "2024.01.16"]
[EventType "swiss (blitz)"]
[EventRounds "11"]
[EventCountry "USA"]
[SourceTitle "CB04_2024"]
[SourceDate "2023.10.16"]
[SourceVersion "1"]
[SourceVersionDate "2023.10.16"]
[SourceQuality "1"]

1. e4 g6 2. d4 Bg7 3. Nc3 d6 4. g3 Nf6 5. Bg2 0-0 6. Nge2 c6 7. 0-0 Nbd7 8. h3 e5 9. Re1 Qe7 10. a4 a5 11. Be3 Rd8 12. d5 c5 13. Nb5 Rf8 14. c3 Ne8 15. b4 b6 16. Nc1 f5 17. Nd3 Nef6 18. f3 Ne8 19. Nb2 Rb8 20. Nc4 f4 21. Bf2 fxg3 22. Bxg3 axb4 23. cxb4 cxb4 24. Bf2 Nc5 25. Bxc5 bxc5 26. Na5 Ra8 27. Nc6 Qg5 28. Kh1 Nf6 29. Qc1 Qh4 30. Kh2 Bh6 31. Qc2 Nh5 32. Nxd6 Bf4+ 33. Kg1 Qg3 34. Kf1 Qh2 0-1

[Event "Titled Tuesday intern op 16th Jan Early"]
[Site "Chess.com INT"]
[Date "2024.01.16"]
[Round "10"]
[White "Dominguez Rincon, Miller Duvan"]
[Black "Jovic, Stanoje"]
[Result "0-1"]
[WhiteElo "1994"]
[BlackElo "2097"]
[PlyCount "46"]
[EventDate "2024.01.16"]
[EventType "swiss (blitz)"]
[EventRounds "11"]
[EventCountry "USA"]
[SourceTitle "CB04_2024"]
[SourceDate "2023.10.16"]
[SourceVersion "1"]
[SourceVersionDate "2023.10.16"]
[SourceQuality "1"]

1. e4 c6 2. d4 d5 3. Nc3 dxe4 4. Nxe4 Nf6 5. Ng3 h5 6. Nf3 h4 7. Ne2 h3 8. gxh3 Bxh3 9. Bxh3 Rxh3 10. Nf4 Rh8 11. Be3 Qa5+ 12. Qd2 Qa6 13. Qe2 Qa4 14. a3 Nbd7 15. 0-0-0 e6 16. Ne5 Nxe5 17. dxe5 Nd5 18. Nxd5 cxd5 19. Qf3 Rc8 20. Rd2 Rh4 21. Rhd1 Bxa3 22. bxa3 Qxa3+ 23. Kb1 Rb4# 0-1

[Event "Titled Tuesday intern op 16th Jan Early"]
[Site "Chess.com INT"]
[Date "2024.01.16"]
[Round "9"]
[White "Dominguez Rincon, Miller Duvan"]
[Black "Wu, Derek"]
[Result "0-1"]
[WhiteElo "1994"]
[BlackElo "2255"]
[PlyCount "36"]
[EventDate "2024.01.16"]
[EventType "swiss (blitz)"]
[EventRounds "11"]
[EventCountry "USA"]
[SourceTitle "CB04_2024"]
[SourceDate "2023.10.16"]
[SourceVersion "1"]
[SourceVersionDate "2023.10.16"]
[SourceQuality "1"]

1. e4 c5 2. Nf3 d6 3. d4 cxd4 4. Nxd4 Nf6 5. Nc3 Nc6 6. Bg5 e6 7. f4 h6 8. Bxf6 Qxf6 9. Ndb5 Qd8 10. Qd2 a6 11. Nd4 g5 12. f5 Bg7 13. Nxc6 bxc6 14. 0-0-0 Be5 15. Kb1 Rb8 16. Bd3 Qa5 17. Ka1 Rxb2 18. Kxb2 Qb4+ 0-1

[Event "Titled Tuesday intern op 16th Jan Early"]
[Site "Chess.com INT"]
[Date "2024.01.16"]
[Round "4"]
[White "Terzi, Alexei"]
[Black "Dominguez Rincon, Miller Duvan"]
[Result "0-1"]
[WhiteElo "2254"]
[BlackElo "1994"]
[PlyCount "98"]
[EventDate "2024.01.16"]
[EventType "swiss (blitz)"]
[EventRounds "11"]
[EventCountry "USA"]
[SourceTitle "CB04_2024"]
[SourceDate "2023.10.16"]
[SourceVersion "1"]
[SourceVersionDate "2023.10.16"]
[SourceQuality "1"]

1. e4 e5 2. Nf3 Nc6 3. d4 exd4 4. Nxd4 Bc5 5. Nb3 Bb6 6. Nc3 Nf6 7. Qe2 d6 8. Be3 Qe7 9. 0-0-0 Be6 10. f3 0-0-0 11. Bxb6 axb6 12. Qf2 Rhe8 13. Bb5 d5 14. exd5 Nxd5 15. Nxd5 Rxd5 16. Bxc6 bxc6 17. Nd4 Bd7 18. Rhe1 Qd6 19. Rxe8+ Bxe8 20. Qe3 Bd7 21. h3 c5 22. Qe4 cxd4 23. c4 Ra5 24. Rxd4 Qh6+ 25. f4 Qe6 26. Qf3 Bc6 27. Qd1 Rxa2 28. Rd8+ Kb7 29. Qb3 Qe1+ 30. Rd1 Ra1+ 31. Kc2 Qxd1+ 32. Kc3 Rc1+ 33. Kb4 Qxb3+ 34. Kxb3 Rg1 35. Kb4 Rxg2 36. b3 Rg3 37. c5 Rxh3 38. cxb6 Kxb6 39. Kc4 Rf3 40. Kd4 Rxf4+ 41. Ke3 Rb4 42. Kd3 Rxb3+ 43. Kc2 Rh3 44. Kd2 h5 45. Ke2 h4 46. Kf2 g5 47. Kg1 g4 48. Kf2 g3+ 49. Kg1 Rh1# 0-1

[Event "Titled Tuesday intern op 19th Dec Early"]
[Site "Chess.com INT"]
[Date "2023.12.19"]
[Round "7"]
[White "Bach, Ngoc Thuy Duong"]
[Black "Dominguez Rincon, Miller Duvan"]
[Result "1-0"]
[WhiteElo "2231"]
[BlackElo "1998"]
[PlyCount "103"]
[EventDate "2023.12.19"]
[EventType "swiss (blitz)"]
[EventRounds "11"]
[EventCountry "USA"]
[SourceTitle "CB52_2023"]
[SourceDate "2023.12.27"]
[SourceVersion "1"]
[SourceVersionDate "2023.12.27"]
[SourceQuality "1"]

1. d4 d5 2. c4 e6 3. Nc3 Nf6 4. cxd5 exd5 5. Bg5 Be7 6. e3 0-0 7. Bd3 Nbd7 8. Nf3 Re8 9. Qc2 Nf8 10. 0-0 g6 11. Ne5 Ne6 12. Bh4 Ng7 13. Qb3 c6 14. Rad1 Qb6 15. Qc2 Nf5 16. Bg5 Nd6 17. Na4 Qa5 18. a3 Bf5 19. Nc5 Qc7 20. Bxf5 Nxf5 21. Qb3 Bxc5 22. Bxf6 Be7 23. Bxe7 Rxe7 24. Rc1 Rae8 25. Qa4 Qb8 26. b4 Nd6 27. Qb3 f6 28. Nd3 Kg7 29. Nf4 Nc4 30. b5 Nd2 31. Qb2 Nxf1 32. Kxf1 Qd6 33. a4 Rc7 34. b6 axb6 35. Qxb6 Rce7 36. Rc5 Ra8 37. Nxd5 Rd7 38. Nc3 Qxh2 39. a5 Qh1+ 40. Ke2 Qh5+ 41. f3 Qh2 42. Kf2 Qh4+ 43. Ke2 Qg3 44. Kf1 Re8 45. Ne2 Qd6 46. e4 Red8 47. Kf2 Qe6 48. a6 bxa6 49. Rxc6 Qa2 50. d5 a5 51. Rc7 a4 52. Qc6 1-0

[Event "Titled Tuesday intern op 19th Dec Early"]
[Site "Chess.com INT"]
[Date "2023.12.19"]
[Round "3"]
[White "Dominguez Rincon, Miller Duvan"]
[Black "Martin Barcelo, Carles"]
[Result "1-0"]
[WhiteElo "1998"]
[BlackElo "2229"]
[PlyCount "41"]
[EventDate "2023.12.19"]
[EventType "swiss (blitz)"]
[EventRounds "11"]
[EventCountry "USA"]
[SourceTitle "CB52_2023"]
[SourceDate "2023.12.27"]
[SourceVersion "1"]
[SourceVersionDate "2023.12.27"]
[SourceQuality "1"]

1. e4 e5 2. Nf3 Nf6 3. Nxe5 d6 4. Nf3 Nxe4 5. Nc3 Nf6 6. d4 g6 7. Bg5 Bg7 8. Qe2+ Kd7 9. 0-0-0 c6 10. Ne5+ Kc7 11. Nxf7 Qe8 12. Nxh8 Qxh8 13. Qe7+ Nbd7 14. d5 Nxd5 15. Rxd5 cxd5 16. Nb5+ Kb6 17. Qxd6+ Ka5 18. Bd2+ Bc3 19. Bxc3+ Qxc3 20. Nxc3 b5 21. b4# 1-0

[Event "Medellin de La Raza op"]
[Site "Medellin"]
[Date "2023.10.16"]
[Round "9"]
[White "Dominguez Rincon, Miller Duvan"]
[Black "Palencia Morales, Wilson Guillermo"]
[Result "0-1"]
[WhiteElo "2041"]
[BlackElo "2307"]
[PlyCount "64"]
[EventDate "2023.10.12"]
[EventType "swiss"]
[EventRounds "10"]
[EventCountry "COL"]
[SourceTitle "Mega2024 Update 01"]
[Source "Chessbase"]
[SourceDate "2023.11.12"]
[SourceVersion "1"]
[SourceVersionDate "2023.11.12"]
[SourceQuality "1"]

1. e4 c5 2. Nf3 Nc6 3. d4 cxd4 4. Nxd4 Nf6 5. Nc3 e5 6. Ndb5 d6 7. Nd5 Nxd5 8. exd5 Ne7 9. c3 Nf5 10. a4 Be7 11. Bd3 0-0 12. 0-0 Nh4 13. f4 a6 14. Na3 f5 15. Nc4 exf4 16. Bxf4 Bg5 17. a5 Bxf4 18. Rxf4 Qg5 19. Rf2 f4 20. Be4 Bg4 21. Qd2 Rf6 22. Raf1 Raf8 23. Kh1 Re8 24. Qd3 Bf5 25. Nd2 Rh6 26. Re2 Re5 27. Bxf5 Nxf5 28. Nf3 Ng3+ 29. Kg1 Nxe2+ 30. Kf2 Re3 31. Nxg5 Rxd3 32. Kxe2 Rxd5 0-1

[Event "Medellin de La Raza op"]
[Site "Medellin"]
[Date "2023.10.15"]
[Round "7"]
[White "Dominguez Rincon, Miller Duvan"]
[Black "Vargas, Mauricio"]
[Result "0-1"]
[WhiteElo "2041"]
[BlackElo "1933"]
[PlyCount "54"]
[EventDate "2023.10.12"]
[EventType "swiss"]
[EventRounds "10"]
[EventCountry "COL"]
[SourceTitle "Mega2024 Update 01"]
[Source "Chessbase"]
[SourceDate "2023.11.12"]
[SourceVersion "1"]
[SourceVersionDate "2023.11.12"]
[SourceQuality "1"]

1. Nf3 c5 2. e3 Nf6 3. d4 e6 4. c4 b6 5. Nc3 cxd4 6. exd4 Bb7 7. Bg5 h6 8. Bh4 Be7 9. d5 Nxd5 10. cxd5 Bxh4 11. Nxh4 Qxh4 12. Bd3 0-0 13. 0-0 Na6 14. Re1 Qg5 15. Be4 Nc5 16. Bf3 a5 17. a3 a4 18. Qd4 Nb3 19. Qxb6 Rab8 20. Ne4 Qg6 21. Rad1 Bxd5 22. Qa7 Ra8 23. Qxd7 Nc5 24. Nxc5 Bxf3 25. g3 Bxd1 26. Rxd1 Qc2 27. Nb7 Ra7 0-1

[Event "Medellin Flores op 30th"]
[Site "Medellin"]
[Date "2023.08.07"]
[Round "8"]
[White "Chirivi Castiblanco, Jenny Astrid"]
[Black "Dominguez Rincon, Miller Duvan"]
[Result "0-1"]
[WhiteElo "2198"]
[BlackElo "2021"]
[PlyCount "82"]
[EventDate "2023.08.03"]
[EventType "swiss"]
[EventRounds "9"]
[EventCountry "COL"]
[SourceTitle "CBM 215 Extra"]
[Source "ChessBase"]
[SourceDate "2023.09.30"]
[SourceVersion "1"]
[SourceVersionDate "2023.09.30"]
[SourceQuality "1"]

1. d4 d5 2. c4 e6 3. Nc3 Nf6 4. cxd5 Nxd5 5. e4 Nxc3 6. bxc3 c5 7. Rb1 Be7 8. Nf3 0-0 9. Bc4 Nc6 10. 0-0 b6 11. d5 Na5 12. Bd3 c4 13. Bc2 exd5 14. exd5 Bb7 15. Re1 Bf6 16. Ba3 Re8 17. Rxe8+ Qxe8 18. Bb4 Qd7 19. d6 Nc6 20. Ba4 a6 21. Ba3 b5 22. Bc2 Re8 23. Qd2 Ne5 24. Nxe5 Rxe5 25. f3 Bg5 26. Qd1 Be3+ 27. Kh1 f5 28. Qe1 Bc6 29. Qh4 g5 30. Qh5 Qe6 31. Rf1 Bf4 32. d7 Bxd7 33. g3 Re1 34. Kg2 Rxf1 35. Kxf1 Bd2 36. Bc5 Qe1+ 37. Kg2 Qe2+ 38. Kg1 Be3+ 39. Bxe3 Qxe3+ 40. Kg2 Qd2+ 41. Kh3 g4+ 0-1

[Event "Medellin Flores op 30th"]
[Site "Medellin"]
[Date "2023.08.05"]
[Round "4"]
[White "Rios Parra, Alejandro"]
[Black "Dominguez Rincon, Miller Duvan"]
[Result "1/2-1/2"]
[WhiteElo "2198"]
[BlackElo "2021"]
[PlyCount "49"]
[EventDate "2023.08.03"]
[EventType "swiss"]
[EventRounds "9"]
[EventCountry "COL"]
[SourceTitle "CBM 215 Extra"]
[Source "ChessBase"]
[SourceDate "2023.09.30"]
[SourceVersion "1"]
[SourceVersionDate "2023.09.30"]
[SourceQuality "1"]

1. e4 e5 2. Nf3 Nc6 3. Bc4 Nf6 4. d4 exd4 5. e5 d5 6. Bb5 Nd7 7. 0-0 Be7 8. Re1 0-0 9. Bxc6 bxc6 10. Nxd4 Nb8 11. Qf3 a5 12. Nc3 Ra6 13. Bf4 c5 14. Nde2 d4 15. Nd5 Be6 16. c4 Nd7 17. Bg3 Nb6 18. Nxe7+ Qxe7 19. b3 a4 20. Nf4 Rfa8 21. Rab1 axb3 22. axb3 Ra3 23. Qe4 Qd7 24. Nxe6 fxe6 25. f4 1/2-1/2

[Event "Titled Tuesday intern op 01st Aug Late"]
[Site "Chess.com INT"]
[Date "2023.08.01"]
[Round "2"]
[White "Dominguez Rincon, Miller Duvan"]
[Black "Kazakov, Mikhail"]
[Result "0-1"]
[WhiteElo "2021"]
[BlackElo "2513"]
[PlyCount "80"]
[EventDate "2023.08.01"]
[EventType "swiss (blitz)"]
[EventRounds "11"]
[EventCountry "USA"]
[SourceTitle "EXT 2024"]
[Source "ChessBase"]
[SourceDate "2023.10.10"]
[SourceVersion "1"]
[SourceVersionDate "2023.10.10"]
[SourceQuality "1"]

1. e4 c5 2. Nf3 d6 3. d4 cxd4 4. Nxd4 Nf6 5. Nc3 a6 6. Bc4 e6 7. Bb3 Be7 8. g4 0-0 9. g5 Nfd7 10. Bxe6 fxe6 11. Nxe6 Qa5 12. Nxf8 Nxf8 13. Qd5+ Qxd5 14. Nxd5 Bd8 15. Be3 Nc6 16. 0-0-0 Be6 17. f4 Bxd5 18. Rxd5 Bc7 19. h4 Re8 20. Bd2 Rxe4 21. Re1 Rxe1+ 22. Bxe1 Ne6 23. Bd2 Ne7 24. Rd3 Nf5 25. b4 Nxh4 26. a4 Nf5 27. c4 Kf7 28. c5 dxc5 29. bxc5 Ke7 30. Rd5 g6 31. c6 bxc6 32. Rd3 Bxf4 33. Rh3 Bxd2+ 34. Kxd2 Nxg5 35. Rb3 Ne4+ 36. Kc1 Nc5 37. Rb6 Kd6 38. Rb8 Nxa4 39. Rh8 h6 40. Rg8 g5 0-1

[Event "Titled Tuesday intern op 01st Aug Late"]
[Site "Chess.com INT"]
[Date "2023.08.01"]
[Round "1"]
[White "Dushyant, Sharma"]
[Black "Dominguez Rincon, Miller Duvan"]
[Result "1-0"]
[WhiteElo "2325"]
[BlackElo "2021"]
[PlyCount "65"]
[EventDate "2023.08.01"]
[EventType "swiss (blitz)"]
[EventRounds "11"]
[EventCountry "USA"]
[SourceTitle "EXT 2024"]
[Source "ChessBase"]
[SourceDate "2023.10.10"]
[SourceVersion "1"]
[SourceVersionDate "2023.10.10"]
[SourceQuality "1"]

1. e4 e5 2. Nf3 Nc6 3. Nc3 Nf6 4. Bb5 Bb4 5. 0-0 0-0 6. d3 Bxc3 7. bxc3 d6 8. Bg5 Qe7 9. Re1 Nd8 10. d4 h6 11. Bh4 Bg4 12. h3 Bh5 13. g4 Bg6 14. Bd3 Bh7 15. Qd2 g5 16. Nxg5 Kh8 17. Nxh7 Kxh7 18. f4 Rg8 19. fxe5 dxe5 20. Rf1 Rg6 21. Qh2 Nc6 22. Rf5 Qd6 23. dxe5 Qc5+ 24. Qf2 Qxc3 25. Rf1 Nxg4 26. Rxf7+ Kh8 27. Rf8+ Kh7 28. Rf7+ Kh8 29. hxg4 Rxg4+ 30. Kh1 Rag8 31. Qf6+ R4g7 32. Qxh6+ Rh7 33. Qxh7# 1-0

[Event "Rivera Hernandez Memorial"]
[Site "Rivera Huila"]
[Date "2023.07.21"]
[Round "6"]
[White "Dominguez Rincon, Miller Duvan"]
[Black "Hernandez Fierro, Rodrigo"]
[Result "1/2-1/2"]
[WhiteElo "1992"]
[BlackElo "2196"]
[PlyCount "121"]
[EventDate "2023.07.19"]
[EventType "swiss"]
[EventRounds "10"]
[EventCountry "COL"]
[SourceTitle "CBM 215 Extra"]
[Source "ChessBase"]
[SourceDate "2023.09.30"]
[SourceVersion "1"]
[SourceVersionDate "2023.09.30"]
[SourceQuality "1"]

1. d4 c5 2. d5 d6 3. e4 e5 4. Nc3 g6 5. h4 h5 6. Nf3 Bg4 7. Be2 Bxf3 8. Bxf3 Nf6 9. Bg5 Be7 10. Qd2 Nbd7 11. Be2 a6 12. a4 Nh7 13. Bxe7 Qxe7 14. a5 Nhf6 15. Ra3 Ng4 16. f3 Nh6 17. g4 f5 18. g5 Ng8 19. Rb3 Rb8 20. exf5 gxf5 21. Kd1 Qf7 22. Kc1 Ne7 23. Kb1 Ng6 24. Nd1 0-0 25. Ne3 b5 26. axb6 Nxb6 27. Qa5 Qc7 28. Rd1 Nxh4 29. Nc4 Na8 30. Qxc7 Nxc7 31. Rxb8 Rxb8 32. Nxd6 Nb5 33. Nxb5 axb5 34. f4 exf4 35. Bxh5 f3 36. d6 Rd8 37. d7 f2 38. Be2 Ng2 39. Rf1 Rxd7 40. Rxf2 Ne3 41. Bxb5 Rb7 42. Bd3 c4 43. Bxf5 Nd1 44. Rd2 Nc3+ 45. Kc1 Na2+ 46. Kd1 Rxb2 47. Rd8+ Kg7 48. Rd7+ Kf8 49. g6 Rb1+ 50. Kd2 Rg1 51. Rf7+ Kg8 52. Rb7 Rg2+ 53. Ke3 Nc3 54. Kd4 Nd1 55. Ke5 Ne3 56. Be6+ Kf8 57. Rf7+ Kg8 58. Ra7+ Kf8 59. Rf7+ Kg8 60. Rb7+ Kf8 61. Rf7+ 1/2-1/2

[Event "Sabaneta op-A 2nd"]
[Site "Sabaneta Antioquia"]
[Date "2023.06.29"]
[Round "2"]
[White "Rueda Rojas, Richard Alejandro"]
[Black "Dominguez Rincon, Miller Duvan"]
[Result "0-1"]
[WhiteElo "1752"]
[BlackElo "1992"]
[PlyCount "62"]
[EventDate "2023.06.28"]
[EventType "swiss"]
[EventRounds "9"]
[EventCountry "COL"]
[SourceTitle "CBM 215 Extra"]
[Source "ChessBase"]
[SourceDate "2023.09.30"]
[SourceVersion "1"]
[SourceVersionDate "2023.09.30"]
[SourceQuality "1"]

1. d4 d5 2. c4 e6 3. Nf3 Nf6 4. g3 Be7 5. Bg2 0-0 6. 0-0 c6 7. b3 b6 8. Bb2 Nbd7 9. Nbd2 Bb7 10. Rc1 a5 11. h3 c5 12. e3 a4 13. Ne5 Nxe5 14. dxe5 Nd7 15. bxa4 Qc7 16. cxd5 exd5 17. e6 Ne5 18. exf7+ Rxf7 19. Bxe5 Qxe5 20. Nc4 Qe6 21. Rb1 Bd8 22. Na3 h5 23. Qxh5 Rxa4 24. Nb5 g6 25. Qe2 d4 26. Qd1 Bxg2 27. Kxg2 Rxa2 28. exd4 Qe3 29. Qe1 Re2 30. Kg1 Rxe1 31. fxe3 Rfxf1+ 0-1

[Event "Titled Tuesday intern op 30th May Early"]
[Site "Chess.com INT"]
[Date "2023.05.30"]
[Round "8"]
[White "Dominguez Rincon, Miller Duvan"]
[Black "Smirnov, Mark1111"]
[Result "0-1"]
[WhiteElo "1992"]
[BlackElo "1959"]
[PlyCount "150"]
[EventDate "2023.05.30"]
[EventType "swiss (blitz)"]
[EventRounds "11"]
[EventCountry "USA"]
[SourceTitle "CBM 214 Extra"]
[Source "ChessBase"]
[SourceDate "2023.07.31"]
[SourceVersion "1"]
[SourceVersionDate "2023.07.31"]
[SourceQuality "1"]

1. e4 c5 2. Nf3 Nc6 3. d4 cxd4 4. Nxd4 Nf6 5. Nc3 d6 6. Bg5 e6 7. Qd2 Be7 8. f4 h6 9. Bxf6 Bxf6 10. Ndb5 0-0 11. Qxd6 Qb6 12. 0-0-0 Rd8 13. Qa3 Qe3+ 14. Kb1 Rxd1+ 15. Nxd1 Qxe4 16. Bd3 Qxf4 17. Rf1 Qxh2 18. Ne3 Qe5 19. Ng4 Qg5 20. Nxf6+ gxf6 21. Qd6 f5 22. Rf3 Qe7 23. Qg3+ Kh8 24. Qh3 Qf6 25. Nc7 Rb8 26. Ne8 Qg6 27. Rg3 Qh7 28. Nf6 Qg7 29. Rxg7 Kxg7 30. Nh5+ Kf8 31. Qg3 Bd7 32. Bb5 Rc8 33. Qg7+ Ke7 34. Qf6+ Kd6 35. Qxf7 Ne5 36. Qg7 Bxb5 37. Qxh6 Bc6 38. Qd2+ Ke7 39. Qg5+ Kd6 40. Nf6 Nc4 41. Qf4+ Kc5 42. Qf2+ Kb5 43. a4+ Ka6 44. b3 Nb6 45. Qe2+ Ka5 46. Nh5 Bd5 47. Nf4 Be4 48. Qe1+ Ka6 49. Nd3 Bxd3 50. cxd3 Rc6 51. Qe3 Nd5 52. Qe5 Rb6 53. Ka2 Rc6 54. Qd4 b6 55. Qg7 b5 56. axb5+ Kxb5 57. Qe5 Kb6 58. Qd4+ Kb7 59. Qe5 a5 60. Ka3 Kb6 61. Qd4+ Kb7 62. Qh8 Kb6 63. Qd8+ Ka6 64. g3 Rb6 65. Qa8+ Kb5 66. Qe8+ Ka6 67. Qa8+ Kb5 68. Qf8 Rc6 69. Qb8+ Nb6 70. Qf8 Nd5 71. Qe8 Kb6 72. Ka4 Nc3+ 73. Ka3 Nb5+ 74. Kb2 Nd4 75. Qb8+ Kc5 0-1

[Event "Titled Tuesday intern op 30th May Early"]
[Site "Chess.com INT"]
[Date "2023.05.30"]
[Round "4"]
[White "Jiganchine, Roman"]
[Black "Dominguez Rincon, Miller Duvan"]
[Result "1-0"]
[WhiteElo "2205"]
[BlackElo "1992"]
[PlyCount "81"]
[EventDate "2023.05.30"]
[EventType "swiss (blitz)"]
[EventRounds "11"]
[EventCountry "USA"]
[SourceTitle "CBM 214 Extra"]
[Source "ChessBase"]
[SourceDate "2023.07.31"]
[SourceVersion "1"]
[SourceVersionDate "2023.07.31"]
[SourceQuality "1"]

1. e4 e5 2. Nf3 Nc6 3. Nc3 Nf6 4. Bb5 Bb4 5. 0-0 0-0 6. Bxc6 dxc6 7. d3 Bxc3 8. bxc3 Re8 9. h3 h6 10. Nh2 c5 11. f4 Qd6 12. Kh1 b5 13. Rb1 Rb8 14. Qe1 Be6 15. fxe5 Qxe5 16. Bf4 Qh5 17. Bxc7 Rbc8 18. Bf4 a6 19. a3 Bd5 20. Qg3 Bc6 21. Bd2 Kh8 22. Rf5 Qg6 23. Qxg6 fxg6 24. Rxc5 Bb7 25. Rxc8 Rxc8 26. Nf3 Re8 27. Kh2 Bc6 28. Nd4 Bd7 29. Bf4 Kg8 30. Nb3 Kf7 31. Nc5 Bc8 32. a4 Ke7 33. axb5 axb5 34. Rxb5 g5 35. Bg3 Nh5 36. Bb8 Kd8 37. Nb3 Nf6 38. Rb4 Ke7 39. Nd4 Kf7 40. Bd6 Bd7 41. Bg3 1-0

[Event "Teusaquillo Rapid op"]
[Site "Teusaquillo"]
[Date "2023.03.05"]
[Round "7"]
[White "Dominguez Rincon, Miller Duvan"]
[Black "Ayala Delgado, Sergio Alejandro"]
[Result "1-0"]
[WhiteElo "2030"]
[BlackElo "1579"]
[PlyCount "97"]
[EventDate "2023.03.04"]
[EventType "swiss (rapid)"]
[EventRounds "9"]
[EventCountry "COL"]
[SourceTitle "CBM 213 Extra"]
[Source "ChessBase"]
[SourceDate "2023.05.31"]
[SourceVersion "1"]
[SourceVersionDate "2023.05.31"]
[SourceQuality "1"]

1. e4 e5 2. Nf3 Nc6 3. Bb5 a6 4. Ba4 b5 5. Bb3 Bb7 6. 0-0 Nf6 7. c3 Be7 8. Re1 d6 9. d4 0-0 10. a4 Re8 11. Na3 Na5 12. Bc2 bxa4 13. Bxa4 exd4 14. Bxe8 Qxe8 15. cxd4 Bxe4 16. Bg5 d5 17. Rc1 Bxa3 18. bxa3 Nc4 19. Bxf6 gxf6 20. Nd2 Nxd2 21. Qxd2 Qd7 22. Qf4 Qa4 23. Re3 Qxd4 24. Rg3+ Kh8 25. Qxc7 Bg6 26. Qc6 Ra7 27. h3 Re7 28. Qxa6 Kg7 29. Qd6 Re8 30. Qd7 Re2 31. Rf1 h5 32. Qd6 f5 33. Rb3 Re8 34. Rb4 Qd3 35. a4 Re6 36. Qf4 Kh7 37. Qd4 Qxd4 38. Rxd4 Ra6 39. Ra1 Ra5 40. Rb4 Ra6 41. a5 f4 42. Rxf4 Kg7 43. Rb4 Bd3 44. Rb6 Ra7 45. f3 Bc4 46. Rd6 Kf8 47. Kf2 Ke7 48. Rh6 f6 49. Rh7+ 1-0